| 000 | 00877cam a2200241 a 4500 | ||
|---|---|---|---|
| 001 | 000013207 | ||
| 005 | 20200929163151.0 | ||
| 008 | 820618s1983 txua b 000 0 eng d | ||
| 020 | _a0256027528 | ||
| 040 |
_aDO-SdBNP _beng _cLC _dBNPHU |
||
| 050 | 0 | 0 |
_aHD6508 _b.C658 1983 |
| 082 |
_a331.89/0973 _bC697b |
||
| 245 | 0 | 4 |
_aThe collective bargaining process : _breadings and analysis / _c[edición] Jean A. Baderschneider, Richard N. Block y John A. Fossum. |
| 260 |
_aPlano, Texas : _bBusiness Publications, _c1983. |
||
| 300 |
_axix, 530 p. : _bil. ; _c25 cm. |
||
| 504 | _aIncluye referencias bibliográficas. | ||
| 650 | 0 |
_aCollective bargaining _zUnited States. _930305 |
|
| 700 | 1 |
_aBaderschneider, Jean A., _eed. _930306 |
|
| 700 | 1 |
_aBlock, Richard N., _eed. _930307 |
|
| 700 | 1 |
_aFossum, John A., _eed. _930308 |
|
| 910 | _aCatalogación por copia / LC | ||
| 049 | _aBNGR | ||
| 999 |
_c12845 _d12845 |
||